Finančné riadenie podnikov – paradigma šťastia
Matematické modelovanie (neoklasická ekonómia) verzus behaviorálna ekonómia. Paradigmy finančného riadenia podnikov. Maximalizácia blahobytu ako základný cieľ finančného riadenia. Paradigma šťastia finančného riadenia podniku.
Na minha lista:
| Autor principal: | |
|---|---|
| Outros Autores: | |
| Formato: | Capítulo de Livro |
| Idioma: | eslovaco |
| Assuntos: | |
| Tags: |
Sem tags, seja o primeiro a adicionar uma tag!
|
MARC
| LEADER | 00000naa a2200000 4500 | ||
|---|---|---|---|
| 001 | 0304786 | ||
| 005 | 20241025100011.9 | ||
| 041 | 0 | |a slo | |
| 044 | |a SK | ||
| 245 | 1 | 0 | |a Finančné riadenie podnikov – paradigma šťastia |c Lea Šlampiaková, Alexandra Mertinková |
| 520 | |a Matematické modelovanie (neoklasická ekonómia) verzus behaviorálna ekonómia. Paradigmy finančného riadenia podnikov. Maximalizácia blahobytu ako základný cieľ finančného riadenia. Paradigma šťastia finančného riadenia podniku. | ||
| 610 | 2 | 0 | |a riadenie podnikové |
| 610 | 2 | 0 | |a blahobyt |
| 610 | 2 | 0 | |a paradigma |
| 100 | 1 | |a Šlampiaková, Lea, 1992- | |
| 700 | 1 | |a Mertinková, Alexandra | |